000 00793nam a2200205 a 4500
008 101021s1999 ||||||||||||||||| || u
020 _a0691117047
050 _aQA 166 Wat
100 _aWatts, Duncan J
245 1 0 _aSmall worlds: the dynamics of networks between order and randomness
_cby Duncan J. Watts
260 _aOxford:
_bPrinceton University Press
_c1999
300 _axv, 262p.: ill.
350 _a0.00
500 _aIncludes Index
650 0 _aSOCIAL NETWORKS--MATHEMATICAL MODELS
650 0 _aMATHEMATICS--HANDBOOKS, MANUALS, ETC
650 _aGRAPH THEORY
650 _aNETWORK ANALYSIS (PLANNING)
995 _D0.00
_FCBU-MAIN LIBRARY (Kitwe)
_H1
_I0.00
_M1
_UAVAILABLE
_WNov 17, 2010
_ZAnnex Low-Usage Collection
999 _c57620
_d57620